| 000 | 01126nam a22003137i 4500 | ||
|---|---|---|---|
| 003 | EG-GICUC | ||
| 005 | 20260121101434.0 | ||
| 008 | 251206s1949 fr ||||fr|||| ||1 ||fre d | ||
| 040 |
_aEG-GiCUC _bfre _cEG-GiCUC _dEG-GiCUC _eRda |
||
| 041 | _afre | ||
| 082 | 0 | 4 |
_221 _a341.23 _bNA . N |
| 092 | 0 | 4 | _221 |
| 099 | _aLaw1 11 341.23 NA . N 1949 | ||
| 100 | 1 |
_aNathan-Chapotot, Roger _eAuteur |
|
| 245 | 1 | 4 |
_aLes Nations Unies et les réfugiés : _ble maintien de la paix et le conflit de qualifications entre l'Ouest et l'Est / _cRoger Nathan-Chapotot ; Preface de Hans Wehberg. |
| 264 | 1 |
_aParis : _bPedone, _c1949. |
|
| 300 |
_axii, 292 pages ; _c 24 cm. |
||
| 336 |
_2rda contenu _a texte |
||
| 337 |
_2rda medias _aOrdinateur |
||
| 338 |
_2 transporteur rda _a Ressource en ligne |
||
| 504 | _aBibliography: pages 277-280. | ||
| 546 | _aTexte en français | ||
| 650 | 1 | 4 |
_aOrganisation des Nations Unies _xDroit international public _2qrmak |
| 651 | 1 | _2qrmak | |
| 700 | 1 |
_aWehberg, Hans _eAuteur |
|
| 856 | 4 | 0 | _uhttps://fll.law.cu.edu.eg/fulltext/bks/B11-05174.pdf |
| 905 |
_a75 _eHassnaa |
||
| 942 |
_2ddc _cBK _e21 _n0 |
||
| 999 |
_c48658 _d48658 |
||